| 000 | 00845 a2200265 4500 | ||
|---|---|---|---|
| 003 | OSt | ||
| 005 | 20180116192357.0 | ||
| 008 | 120606t xxu||||| |||| 00| 0 eng d | ||
| 010 | _a 2003108925 | ||
| 020 | _a050020375X | ||
| 020 | _a9780500203750 | ||
| 035 | _a(DLC) 2003108925 | ||
| 040 | _c0 | ||
| 082 | 0 | 0 | _a720.95960901 |
| 100 | 1 |
_aJessup, Helen Ibbitson. _94076 |
|
| 245 | 1 | 0 |
_aArt & architecture of Cambodia / _cHelen Ibbitson Jessup. |
| 246 | 3 | _aArt and architecture of Cambodia | |
| 260 |
_aNew York, N.Y. : _bThames & Hudson, _c2004. |
||
| 300 |
_a224 p. : _bill. (some col.), map ; _c21 cm. |
||
| 440 | 0 |
_aWorld of art _94077 |
|
| 650 | 1 | 0 |
_aArt, Khmer. _94078 |
| 650 | 1 | 0 |
_aArchitecture _zCambodia. _94079 |
| 942 |
_aSADA _cBK _k720.95960901 JES 2004 _2ddc |
||
| 999 |
_c353173 _d353173 |
||